000 00581nam a22001937a 4500
003 KOHA_MİRAKIL
005 20241003053910.0
008 241002b2020 tu ||||| |||| 00| 0 tur d
020 _a9789754586374
040 _aTR-AnABB
_btur
_cTR-AnABB
041 _atur
082 _a828.3354
_bMCC 2020
100 1 _aMcCullers, Carson, 1917-1967
_9727
245 1 0 _aKüskün kahvenin türküsü /
_cCarson Mccullers.
260 _aİstanbul :
_bİş Bankası Kültür Yayınları,
_c2020.
300 _a157 sayfa ;
_c19 cm.
650 _aİngiliz edebiyatı, roman
_97
942 _2ddc
_cBK
999 _c7245
_d7245
900 _bCan Çelik